Hunamitarian NGOs, (In) security and identity : (Record no. 10161)

MARC details
000 -LEADER
fixed length control field 00423nam a22001337a 4500
008 - FIXED-LENGTH DATA ELEMENTS--GENERAL INFORMATION
fixed length control field 241121b |||||||| |||| 00| 0 eng d
020 ## - INTERNATIONAL STANDARD BOOK NUMBER
International Standard Book Number 9781472438072
100 ## - MAIN ENTRY--PERSONAL NAME
Personal name Schneiker, Andrea.
245 ## - TITLE STATEMENT
Title Hunamitarian NGOs, (In) security and identity :
Remainder of title epistemic communities and security governance.
260 ## - PUBLICATION, DISTRIBUTION, ETC.
Place of publication, distribution, etc. London :
Name of publisher, distributor, etc. Ashgate Publishing Limited,
Date of publication, distribution, etc. 2015.
300 ## - PHYSICAL DESCRIPTION
Extent xi, 63 p. ;
Dimensions 26 cm.
650 ## - SUBJECT ADDED ENTRY--TOPICAL TERM
Source of heading or term NGO.
942 ## - Added entry Elements (Koha)
Source of classification or shelving scheme Dewey Decimal Classification
Holdings
Withdrawn status Lost status Source of classification or shelving scheme Damaged status Not for loan Collection code Home library Current library Shelving location Date acquired Inventory number Total Checkouts Full call number Barcode Date last seen Price effective from Koha item type
    Dewey Decimal Classification     Main TEST RTC Library RTC Library Main opac 19/03/2025 19180   361.7 SCH 30020344 19/03/2025 19/03/2025 BookAid International
Royal Thimphu College || All Right Reserved